00693cam a22001937a 4500003000500000005001700005008004100022010001000063011001000073035001000083040000900093110003600102245015500138260006000293300003600353650001900389650003900408650005200447CHAP20220817043633.0000314d1998 pe a r 00110 spa d a80318 a81290 a91757 cCHAP2 aCentro Internacional de la Papa10aRaíces y tubérculos andinos :binforme sobre la colaboración en investigaciones de biodiversidad 1993-1997c/por Centro Internacional de la Papa aLima, Perú :bCentro Internacional de la Papa,c1998. a27 p. :bilus. ; mapa ; cuadros14aBiodiversidad.14aTubérculos y cultivos de raíz.14aTubérculos y cultivos de raízxGermoplasma.